01138nmc a2200277 a 4500003000900000005001700009008004100026020001800067040001300085245007700098260003400175300001100209490001300220500021900233504009500452610007000547650002900617650003700646650001300683650001700696650002900713651001400742653002200756700004000778800004200818AR-BaBNM20251128205800.0168019s1990 ||||||||||||||000 | spa|| a950-582-277-0 cAR-BaBNM10aInvestigación, Ciencia y Sociedadbseminario taller interdisciplinario aBuenos AiresbHumanitasc19900 a207 p. 0aGuidance1 aEl presente libro incluye el texto completo de las conferencias, intervenciones y debates del Seminario-Taller: "Introducción a la investigación científica" realizado en Córdoba, Argentina en agosto de 1988 aBibliografía: epistemología de la ciencias e investigación científica: p. 197-20724aCentro de Investigaciones para el Desarrollo Regional [Argentina] 4aINVESTIGACION CIENTIFICA 4aINVESTIGACION INTERDISCIPLINARIA 4aSOCIEDAD 4aSIGLO VEINTE 4aMETODOS DE INVESTIGACION 4aArgentina 0aMETODO CIENTIFICO1 aSobrino, Encarnaciónecoordinador1 aSierra de Villaverde, Sielaedirector